书目信息 |
| 题名: |
宗教与科学
|
|
| 作者: | 罗素 著 ;林国夫 , 徐奕春 译 | |
| 分册: | ||
| 出版信息: | 北京 商务印书馆 1982 |
|
| 页数: | 139页 | |
| 开本: | 21cm | |
| 丛书名: | ||
| 单 册: | ||
| 中图分类: | B561.54 | |
| 科图分类: | ||
| 主题词: | 罗素,B.(1872~1970)--哲学 , 罗素,B.(1872~1970) | |
| 电子资源: | ||
| ISBN: | ||
| 000 | 00745nam0 2200265 45 | |
| 001 | 0182006177 | |
| 005 | 20060419085627.75 | |
| 010 | @dCNY0.63 | |
| 091 | @a2017.278 | |
| 100 | @a19950510d1982 em y0chiy0121 ea | |
| 101 | 1 | @achi@ceng |
| 102 | @aCN@b110000 | |
| 105 | @ay z 000yy | |
| 200 | 10 | @a宗教与科学@Azong jiao yu ke xue@f(英)罗素著@F(Ying)Luo Su Zhu@g徐奕春,林国夫译 |
| 210 | @a北京@c商务印书馆@d1982 | |
| 215 | @a139页@d21cm | |
| 606 | 0 | @a罗素,B.(1872~1970)@x哲学 |
| 606 | 0 | @a罗素,B.(1872~1970) |
| 690 | @aB561.54@v3 | |
| 701 | 0 | @a罗素@4著 |
| 702 | 0 | @a林国夫@ALin Guo Fu@4译 |
| 702 | 0 | @a徐奕春@Axu yi chun@4译 |
| 801 | 2 | @aCN@bNLC@c20060419 |
| 801 | 0 | @aCN@b上海图书馆@c20040422 |
| 905 | @dB561.54@e2@f1@b94496 | |
| 宗教与科学/(英)罗素著/徐奕春,林国夫译.-北京:商务印书馆,1982 |
| 139页;21cm |
| ISBN :CNY0.63 |
| ● |
| 相关链接 |
|
|
|
|
正题名:宗教与科学
索取号:B561.54/2
 
预约/预借
| 序号 | 登录号 | 条形码 | 馆藏地/架位号 | 状态 | 备注 |
| 1 | 0094494 | 000577682 | 密集书库/ [索取号:B561.54/2] | 在馆 | |
| 2 | 0094495 | 202268526 | 密集书库/ [索取号:B561.54/2] | 在馆 | |
| 3 | 0094496 | 000578921 | 第一样本阅览室/ [索取号:B561.54/2] | 在馆 | |
| 4 | 0176558 | 001465578 | 密集书库/ [索取号:B561.54/2] | 在馆 | |
| 5 | 0176559 | 000577691 | 第一借阅区/ [索取号:B561.54/2] | 在馆 | |
| 6 | 0176560 | 000578967 | 第一借阅区/ [索取号:B561.54/2] | 在馆 |